| Tag |
First Indicator |
Second Indicator |
Subfields |
| LEADER |
00000cas a2200000 a 4500 |
| 001 |
in00001407539 |
| 005 |
20151020062222.0 |
| 008 |
980224c199u9999txuar s0 0eng d |
| 035 |
|
|
|a (OCoLC)38499701
|
| 035 |
|
|
|9 AHP0990AM
|
| 040 |
|
|
|a IKM
|c IKM
|d TXA
|d UtOrBLW
|
| 049 |
|
|
|a TXAO
|
| 086 |
|
|
|a H600.3 AN78PE
|2 txdocs
|
| 110 |
2 |
|
|a Texas State Board of Examiners of Perfusionists.
|
| 245 |
1 |
0 |
|a Annual report for the fiscal year ending ... /
|c Texas State Board of Examiners of Perfusionists.
|
| 264 |
|
1 |
|a [Austin, Tex.] :
|b Texas Dept. of Health, The Board.
|
| 300 |
|
|
|a volumes ;
|c 28 cm.
|
| 336 |
|
|
|a text
|b txt
|2 rdacontent
|
| 337 |
|
|
|a unmediated
|b n
|2 rdamedia
|
| 338 |
|
|
|a volume
|b nc
|2 rdacarrier
|
| 500 |
|
|
|a Cover title.
|
| 500 |
|
|
|a Description based on: Aug. 31, 1997.
|
| 610 |
2 |
0 |
|a Texas State Board of Examiners of Perfusionists
|x Periodicals.
|
| 948 |
|
|
|a c:jrh
|
| 999 |
|
|
|a MARS
|
| 999 |
f |
f |
|s b40e358f-44f5-39c6-9857-f3872eddb40b
|i d5360d7a-4648-3dd3-8d7c-7368d1e0883b
|t 0
|
| 952 |
f |
f |
|p normal
|a Texas A&M University
|b College Station
|c Sterling C. Evans Library
|d Evans: Texas Documents (Annex 5th floor)
|t 0
|e H600.3 AN78PE
|h Superintendent of Documents classification
|i unmediated -- volume
|l 1997
|m A14823059986
|
| 952 |
f |
f |
|p normal
|a Texas A&M University
|b College Station
|c Sterling C. Evans Library
|d Evans: Texas Documents (Annex 5th floor)
|t 0
|e H600.3 AN78PE
|h Superintendent of Documents classification
|i unmediated -- volume
|l 1996
|m A14822825091
|
| 998 |
f |
f |
|a H600.3 AN78PE
|s 1995-1997
|t 0
|l Evans: Texas Documents (Annex 5th floor)
|